01799cam a22004214i 4500003000900000005001700009008004100026020001500067020001800082035002000100040003300120082002200153245013100175264003300306300004300339336002100382337002500403338002300428490004700451504004800498504003300546505059200579526001001171526001001181526001001191526001001201526000801211526000801219526000801227526000801235526000801243526000801251526000801259650001901267650002701286700003201313700003201345PE-LiUPU20250731173115.0190319s2018 xxu0 rb 001 0 eng d a1628372079 a9781628372076 a(Sirsi) a251976 aPE-LiUPUbspacPE-LiUPUerda04a203.20935bP422300aPerchance to dream :bdream divination in the Bible and the ancient Near East /ceditor Esther J. Hamori and Jonathan Stökl. 1aAtlanta :bSBL Press,c2018. axi, 220 páginas ;c23 centímetros. atext2rdacontent aunmediated2rdamedia avolume2rdacarrier0 aAncient Near East monographs ; vnumber 21 aBibliografía al final de cada capítulo. aÍndice: páginas 207-220.0 aHorn and Ivory: Dreams as Portents in Ancient Mesopotamia and Beyond -- Portent Dreams in Hittite Anatolia -- When Even the Gods Do Not Know: El's Dream Divination in KTU 1.6 iii -- Maleness, Memory, and the Matter of Dream Divination in the Hebrew Bible -- Dreams in the Joseph Narrative -- Samuel's Theophany and the Politics of Religious Dreams -- Daniel and the "Prophetization" of Dream Divination -- Agency, Authority, and Scribal Innovation in Dream Narratives of the Aramaic Dead Sea Scrolls -- "All the Dreams Follow the Mouth": Dreamers and Interpreters in Rabbinic Literature. aSEG42 aSEG41 aSEG40 aSEG39 aP94 aP87 aP86 aP85 aP77 aP76 aP35 aAdivinación. aSueños en la biblia.1 aHamori, Esther J.,eeditor.1 aStökl, Jonathan,eeditor.